Hồ Chí Minh với văn nghệ sĩ văn nghệ sĩ với Hồ Chí Minh T.4 Hồ Chí Minh trong trái tim văn nghệ sĩ Việt Nam
Gồm những bài viết của các nhà văn, các nghệ sĩ Việt Nam viết về những kỷ niệm của họ với Bác Hồ
Zapisane w:
| Kolejni autorzy: | , , , , |
|---|---|
| Format: | Książka |
| Język: | Vietnamese |
| Wydane: |
H.
Nxb. Hội Nhà văn
2010
|
| Hasła przedmiotowe: | |
| Etykiety: |
Dodaj etykietę
Nie ma etykietki, Dołącz pierwszą etykiete!
|
| Thư viện lưu trữ: | Mạng thư viện Đại học Đà Nẵng |
|---|
| LEADER | 01673nam a2200409 4500 | ||
|---|---|---|---|
| 001 | 000018148 | ||
| 003 | 14575 | ||
| 005 | 20130911080920.0 | ||
| 008 | 130911s2010 viesd | ||
| 041 | 0 | |a vie | |
| 082 | |a 335.4346 |b HÔ-M | ||
| 245 | 1 | 0 | |a Hồ Chí Minh với văn nghệ sĩ văn nghệ sĩ với Hồ Chí Minh |c B.s.: Hữu Thỉnh (ch.b.), Trung Trung Đỉnh, Trần Quang Quý... |n T.4 |p Hồ Chí Minh trong trái tim văn nghệ sĩ Việt Nam |
| 260 | |a H. |b Nxb. Hội Nhà văn |c 2010 | ||
| 300 | |a 411 tr. |b ảnh |c 24 cm. | ||
| 504 | |a Thư mục: tr. 406-411 | ||
| 520 | |a Gồm những bài viết của các nhà văn, các nghệ sĩ Việt Nam viết về những kỷ niệm của họ với Bác Hồ | ||
| 653 | |a Hồ Chí Minh | ||
| 653 | |a Lãnh tụ cách mạng, chính trị gia | ||
| 653 | |a 1890-1969 | ||
| 653 | |a Việt Nam | ||
| 653 | |a Văn nghệ sĩ | ||
| 700 | |a Hữu Thỉnh |e ch.b. | ||
| 700 | |a Trung Trung Đỉnh |e b.s. | ||
| 700 | |a Trần Quang Quý |e b.s. | ||
| 700 | |a Phạm Sông Hồng |e b.s. | ||
| 700 | |a Nguyễn Khắc Trường |e b.s. | ||
| 773 | |t Hồ Chí Minh với văn nghệ sĩ văn nghệ sĩ với Hồ Chí Minh |w 4952 | ||
| OWN | |a LSP | ||
| AVA | |a UDN50 |b LSP |d 335.4346 HÔ-M |e available |t Error 5001 Not defined in file expand_doc_bib_avail. |f 5 |g 0 |h N |i 0 |k 1 | ||
| 999 | |a From the UDN01 | ||
| AVA | |a UDN50 |b LSP |d 335.4346 HÔ-M |e available |t Error 5001 Not defined in file expand_doc_bib_avail. |f 5 |g 0 |h N |i 0 |k 1 | ||
| TYP | |a Monograph | ||
| TYP | |a Printed language | ||
| 980 | |a Mạng thư viện Đại học Đà Nẵng | ||